000 00236nam a2200097Ia 4500
001 1250546
005 20251031150858.0
008 251031s9999 xx 000 0 und d
245 0 _cCEMAL SÜREYA
_aB-1 SICAK NAL
260 _bCAN YAYINLARI
999 _c1250546
_d1250546